000 00312nam a2200121Ia 4500
008 191201s2012 xx 000 0 und d
100 _aNAG, Amitava
245 0 _aData Structures and Algorithms using
250 _a2nd
260 _c2012
_bVikas Publication House
_aNEW DELHI
300 _a456
942 _2ddc
_cBK
_09
999 _c7826
_d7826